Normal view
MARC view
- Mechanical and Manufacturing Engineering MS-Thesis.
Entry Topical Term
001 - CONTROL NUMBER
- control field: 21310
003 - CONTROL NUMBER IDENTIFIER
- control field: NUST
005 - DATE AND TIME OF LATEST TRANSACTION
- control field: 20190924161839.0
008 - FIXED-LENGTH DATA ELEMENTS
- fixed length control field: 190924|| aca||aabn | a|a d
040 ## - CATALOGING SOURCE
- Original cataloging agency: NUST
- Transcribing agency: NUST
150 ## - HEADING--TOPICAL TERM
- Topical term or geographic name entry element: Mechanical and Manufacturing Engineering MS-Thesis.
670 ## - SOURCE DATA FOUND
- Source citation: Work cat.: (NUST): Akhtar, Muhammad Hashim 21309, Optimal Feature Reduction Techniques for Improved Myoelectric Control /, 2016.
